000 00635nam a22002177a 4500
003 UA-OsUOA
001 110580
007 ta
008 20150324b un ||||| |||| 00| 0 ukr d
100 _aБелімова Т.
090 _a82
_bБ43
942 _cSA
040 _aUA-OsUOA
_bukr
_cUA-OsUOA
_dUA-OsUOA
245 _a"Людвисар" Богдана Коломійчука у контексті української химерної прози
300 _aС.22-25
955 _a0
041 _aukr
080 _a82
773 0 _w110576
650 7 _a82 Література. Літературознавство
_2UDC
999 _c396730
_d396730